|
|
|
|
| LEADER |
00000cac a2200000 i 4500 |
| 003 |
Ucuenca |
| 005 |
20240103220005.0 |
| 006 |
a||||fr|||| 001 | |
| 007 |
ta |
| 008 |
180322b2015 sp aaaaf |||| ||spa a |
| 020 |
|
|
|a 978-84-7101-965-3
|
| 040 |
0 |
|
|b spa
|a UCuenca-cdrjbv
|c UCuenca
|e rda
|
| 041 |
0 |
|
|a spa
|
| 082 |
0 |
|
|a 616.075 7
|2 21
|c 20219681
|
| 100 |
1 |
|
|a Sánchez Álvarez Pedrosa, César
|e autor
|9 271506
|
| 245 |
1 |
0 |
|a Diagnóstico por imagen:
|b genitourinario /
|c César Sánchez Álvarez- Pedrosa.
|
| 250 |
|
|
|a Primera edición
|
| 264 |
|
1 |
|a Madrid:
|b Editorial Marbán,
|c 2015.
|
| 300 |
|
|
|a xi, 864 páginas:
|b fot
|c 20 cm
|
| 336 |
|
|
|2 rdacontent
|a texto
|b txt
|
| 337 |
|
|
|2 rdamedia
|a no mediado
|b n
|
| 338 |
|
|
|2 rdacarrier
|a volumen
|b nc
|
| 490 |
0 |
|
|a Pedrosa ddx: manual
|
| 504 |
|
|
|a incl. ref.
|
| 505 |
1 |
|
|a Aparato urinario -- Anatomía y técnicas de imagen -- Estudios con radionúclidos del aparato urogenital -- Semiología general del aparato urinario -- Calcificaciones, uropatía obstructiva -- Cólico nefrítico -- Litotricia -- Hematuria. Lesiones inflamatorias del aparato urinario -- Masas renales -- Insuficiencia renal. Síndrome nefrótico -- Trasplante renal -- Próstata, vesículas seminales -- Trastornos de la erección en el varón -- Testículo -- Patología urinaria en la infancia --Traumatismos abdominales -- Ecografía en obstetricia y en medicina fetal -- Radiología ginecológica -- Mama -- Glándulas tiroides y paratiroides -- Adrenales -- Tumores endocrinos pancreáticos -- Tumores carcinoides -- Neoplasia endocrina múltiple
|
| 650 |
1 |
7 |
|2 UCuenca-cdrjbv
|a Radiología
|9 259086
|
| 650 |
2 |
7 |
|2 UCuenca-cdrjbv
|a Imagenología
|x diagnóstico por imagen
|9 258650
|
| 650 |
1 |
7 |
|2 UCuenca-cdrjbv
|9 70935
|a Sistema urinario
|
| 650 |
1 |
4 |
|a Patologías
|9 3578
|
| 942 |
|
|
|2 ddc
|c CR
|0 96
|r margoth.maza@ucuenca.edu.ec
|
| 999 |
|
|
|c 154057
|d 154057
|